AH International Schools' Libraries

Ships (KHMER) / (Record no. 50263)

MARC details
000 -LEADER
fixed length control field 00387nam a2200133 4500
008 - FIXED-LENGTH DATA ELEMENTS--GENERAL INFORMATION
fixed length control field 260316b |||||||| |||| 00| 0 eng d
020 ## - INTERNATIONAL STANDARD BOOK NUMBER
International Standard Book Number 9789924654650
100 ## - MAIN ENTRY--PERSONAL NAME
Personal name Meng Chea Sodawangsi
9 (RLIN) 87062
245 ## - TITLE STATEMENT
Title Ships (KHMER) /
Statement of responsibility, etc Meng Chea Sodawangsi
260 ## - PUBLICATION, DISTRIBUTION, ETC. (IMPRINT)
Place of publication, distribution, etc Cambodia
Name of publisher, distributor, etc Mindbooks Publishing
Date of publication, distribution, etc 2024
300 ## - PHYSICAL DESCRIPTION
Extent 31 p.
Other physical details col. ill.
Dimensions 20 cm.
490 ## - SERIES STATEMENT
Series statement Mindkids: S-18
942 ## - ADDED ENTRY ELEMENTS (KOHA)
Source of classification or shelving scheme
Koha item type Book
Holdings
Withdrawn status Lost status Source of classification or shelving scheme Damaged status Not for loan Collection code Home library Current library Shelving location Date acquired Total Checkouts Full call number Barcode Date last seen Price effective from Koha item type
          Siem Riep Asian Hope Early Years Library Asian Hope Early Years Library Easy Reading 03/16/2026   KHMER 623.8 MEN 209502 03/16/2026 03/16/2026 Book

For any Logos Library related questions please contact Miss Art at swongnarasuk@asianhope.org.

For any Asian Hope Library related questions please contact Miss Raza at graza@asianhope.org.

Click here to explore our ebooks!

Powered by Koha